Hagamos las paces. Mediación 3-6 años propuestas de gestión constructiva, creativa, cooperativa y crítica de los conflictos

Guardat en:
Dades bibliogràfiques
Autors principals: Boqué Torremorell, María Carme (Autor), Corominas, Yolanda (Autor), Escoll, Margarida (Autor), Espert, Montserrat (Autor)
Format: Llibre
Idioma:espanyol
Publicat: Barcelona CEAC 2005
Col·lecció:CEAC Educación Infantil
Matèries:
Etiquetes: Afegir etiqueta
Sense etiquetes, Sigues el primer a etiquetar aquest registre!

MARC

LEADER 00000nam a2200000 a 4500
001 UCI3667
003 CL-VaPUC
008 071123e20050000SP |||||||||||||||||spa|d
020 |a 8432910937 
082 0 4 |a 371.53  |b BOQ  |2 21 
100 |a Boqué Torremorell, María Carme  |e author  |9 496893 
700 0 |a Corominas, Yolanda  |e author  |9 525128 
700 0 |a Escoll, Margarida  |e author  |9 525129 
700 0 |a Espert, Montserrat  |e author  |9 525130 
245 1 0 |a Hagamos las paces. Mediación 3-6 años propuestas de gestión constructiva, creativa, cooperativa y crítica de los conflictos 
300 |a 239 p 
942 |c BK 
945 |d 20071123 00:00:00  |a rbrito 
260 |a Barcelona  |b CEAC  |c 2005 
650 7 |a MEDIACION ESCOLAR  |2 CL-VaPUC  |9 525131 
650 7 |a ORIENTACION PEDAGOGICA  |2 CL-VaPUC  |9 334838 
650 0 |a Alumnos   |9 335074 
650 0 |a Relación profesor-alumno  |9 525093 
650 7 |a CONFLICTOS GENERACIONALES  |2 CL-VaPUC  |9 525132 
650 0 |a Dinámica de grupos   |9 259862 
583 |a last modification  |c 20071123 00:00:00  |k Rodrigo Vera 
490 0 |a CEAC Educación Infantil 
999 |c 327798  |d 327796 
952 |0 0  |1 0  |4 0  |6 371_530000000000000_BOQ_2005  |7 0  |8 A  |9 411254  |a BIBEDU  |b BIBEDU  |d 2019-11-22  |i 4391322  |o 371.53 BOQ 2005  |p 4391322  |r 2019-11-22  |w 2019-11-22  |y BK  |k PAR 
952 |0 0  |1 0  |4 0  |6 371_530000000000000_BOQ_2005  |7 0  |8 A  |9 411255  |a BIBEDU  |b BIBEDU  |d 2019-11-22  |i 4502310  |o 371.53 BOQ 2005  |p 4502310  |r 2019-11-22  |w 2019-11-22  |y BK  |k EPE